[Event "FIDE World Uni Rapid-D 1st"]
[Site "Tornelo INT"]
[Date "2021.03.21"]
[Round "11"]
[White "Zhang, Hou Han"]
[Black "Gomez Marti, Fernando"]
[Result "1-0"]
[WhiteElo "1813"]
[BlackElo "1540"]
[PlyCount "153"]
[EventDate "2021.03.20"]
[EventType "swiss (rapid)"]
[EventRounds "12"]
[EventCountry "NET"]
[SourceTitle "EXT 2022"]
[Source "ChessBase"]
[SourceDate "2021.10.06"]
[SourceVersion "1"]
[SourceVersionDate "2021.10.06"]
[SourceQuality "1"]

1. Nf3 Nf6 2. g3 g6 3. Bg2 Bg7 4. 0-0 d5 5. d4 0-0 6. c4 dxc4 7. Nc3 Nc6 8. e4 Bg4 9. Be3 Qd7 10. d5 Nb4 11. Qd2 Nd3 12. Ne1 Nxe1 13. Raxe1 Bh3 14. f3 Bxg2 15. Kxg2 Rfd8 16. Qe2 c6 17. Rd1 cxd5 18. exd5 Qc7 19. Bf4 Qc5 20. Be3 Qc7 21. Rfe1 a6 22. a4 Rd7 23. Qf2 Rc8 24. Bb6 Qd6 25. a5 Qb4 26. Re2 Ne8 27. Ne4 f5 28. Nc5 Rxc5 29. Qxc5 Qxc5 30. Bxc5 Kf7 31. Rc2 Nc7 32. d6 Ne6 33. Ba3 Be5 34. Rxc4 exd6 35. Rc8 Nd4 36. f4 Bg7 37. b4 Nb5 38. Bc1 d5 39. Rc5 d4 40. Kf3 d3 41. Bd2 Bf8 42. Rc4 Nd4+ 43. Kf2 Nb3 44. Bc3 Bg7 45. Bxg7 Kxg7 46. Ke3 Re7+ 47. Kxd3 Rd7+ 48. Kc2 Re7 49. Kxb3 Re3+ 50. Rc3 Re2 51. Rc2 Re3+ 52. Kc4 Re4+ 53. Kc5 Re7 54. Kb6 Kh6 55. Rc7 Re6+ 56. Kxb7 Re4 57. Kxa6 Rxb4 58. Rdd7 Kh5 59. Rxh7+ Kg4 60. Rcg7 Kf3 61. Rxg6 Rd4 62. Rf6 Rd5 63. Rh5 Kg4 64. Rhxf5 Rxf5 65. Rxf5 Kxf5 66. Kb6 Kg4 67. a6 Kh3 68. a7 Kg2 69. a8Q+ Kh3 70. g4 Kh4 71. g5 Kg4 72. f5 Kh5 73. g6 Kh6 74. g7 Kh5 75. Qg2 Kh6 76. g8Q Kh5 77. Qh8# 1-0

[Event "FIDE World Uni Rapid-D 1st"]
[Site "Tornelo INT"]
[Date "2021.03.21"]
[Round "7"]
[White "Zhang, Hou Han"]
[Black "Saldivar Sifuentes, Fabrizio"]
[Result "1-0"]
[WhiteElo "1813"]
[BlackElo "1150"]
[PlyCount "38"]
[EventDate "2021.03.20"]
[EventType "swiss (rapid)"]
[EventRounds "12"]
[EventCountry "NET"]
[SourceTitle "EXT 2022"]
[Source "ChessBase"]
[SourceDate "2021.10.06"]
[SourceVersion "1"]
[SourceVersionDate "2021.10.06"]
[SourceQuality "1"]

1. Nf3 Nf6 2. g3 g6 3. Bg2 d5 4. 0-0 Bg7 5. d4 0-0 6. c4 dxc4 7. Nc3 c6 8. Ne5 Be6 9. e4 Qb6 10. Na4 Qc7 11. Bf4 Nh5 12. Nxg6 Nxf4 13. Nxf8 Nxg2 14. Nxe6 fxe6 15. Kxg2 Nd7 16. e5 Rd8 17. Qg4 b6 18. Qxe6+ Kh8 19. Qxe7 Qb7 1-0

[Event "FIDE World Uni Blitz-A 1st"]
[Site "Tornelo INT"]
[Date "2021.03.13"]
[Round "3.28"]
[White "Capone, Nicola"]
[Black "Zhang, Hou Han"]
[Result "1-0"]
[WhiteElo "2300"]
[BlackElo "1813"]
[PlyCount "125"]
[EventDate "2021.03.13"]
[EventType "swiss (blitz)"]
[EventRounds "10"]
[EventCountry "NET"]
[SourceTitle "EXT 2022"]
[Source "ChessBase"]
[SourceDate "2021.10.06"]
[SourceVersion "1"]
[SourceVersionDate "2021.10.06"]
[SourceQuality "1"]

1. e4 c5 2. Nf3 Nc6 3. Bb5 g6 4. 0-0 Bg7 5. c3 Nf6 6. Re1 0-0 7. e5 Nd5 8. d4 cxd4 9. cxd4 d6 10. Bxc6 bxc6 11. Qe2 Bf5 12. Nc3 Nb4 13. Bg5 dxe5 14. dxe5 Nc2 15. Red1 Qc7 16. Rac1 Nb4 17. a3 Nd3 18. Rxd3 Bxd3 19. Qxd3 Bxe5 20. Qe3 Bf6 21. Bf4 Qb7 22. b4 a5 23. Ne4 axb4 24. Nxf6+ exf6 25. axb4 Qxb4 26. h4 Ra4 27. Bg3 c5 28. Qxc5 Qxc5 29. Rxc5 Ra1+ 30. Kh2 Rfa8 31. Bf4 Kg7 32. Rc7 R1a7 33. Rc6 Ra6 34. Rc1 Ra2 35. Be3 Rb8 36. Rc6 Rb7 37. Bd4 Kh6 38. Rxf6 Ra4 39. Be3+ Kg7 40. Rc6 h6 41. h5 g5 42. Kg3 f5 43. Bd4+ Kh7 44. Bc3 Rg4+ 45. Kh3 Re7 46. Ne5 Rh4+ 47. Kg3 Rxh5 48. Kf3 Rh1 49. g4 f4 50. Rc5 Rd1 51. Nc4 Rd3+ 52. Kg2 f3+ 53. Kg3 Rf7 54. Be5 Rd1 55. Nd6 Ra7 56. Ne4 Rg1+ 57. Kh3 Rg2 58. Rc7+ Rxc7 59. Bxc7 Kg6 60. Bg3 Rg1 61. Nd2 Rd1 62. Nxf3 Rd3 63. Ne5+ 1-0

[Event "FIDE World Uni Blitz-A 1st"]
[Site "Tornelo INT"]
[Date "2021.03.13"]
[Round "8.27"]
[White "Zhang, Hou Han"]
[Black "Gasic Merino, Franco Ignacio"]
[Result "1-0"]
[WhiteElo "1813"]
[BlackElo "2204"]
[PlyCount "181"]
[EventDate "2021.03.13"]
[EventType "swiss (blitz)"]
[EventRounds "10"]
[EventCountry "NET"]
[SourceTitle "EXT 2022"]
[Source "ChessBase"]
[SourceDate "2021.10.06"]
[SourceVersion "1"]
[SourceVersionDate "2021.10.06"]
[SourceQuality "1"]

1. Nf3 Nf6 2. g3 g6 3. Bg2 Bg7 4. 0-0 c5 5. c4 0-0 6. Nc3 Nc6 7. d3 Rb8 8. Rb1 a6 9. Bg5 h6 10. Bxf6 Bxf6 11. a3 b5 12. Nd5 Bg7 13. cxb5 axb5 14. b4 e6 15. Ne3 cxb4 16. axb4 d5 17. Qc2 Bd7 18. Rfc1 Qe7 19. Qc5 Rfc8 20. Qxe7 Nxe7 21. Ng4 Rxc1+ 22. Rxc1 Nc6 23. Rb1 Ra8 24. e4 dxe4 25. dxe4 Ra1 26. Rxa1 Bxa1 27. e5 Kg7 28. Nf6 Bc8 29. Ne8+ Kf8 30. Nd6 Bd7 31. Nxb5 Nxb4 32. Nd6 Nd3 33. Nc4 Bb5 34. Nd6 Ba6 35. Bf1 Ke7 36. Ne4 Nb4 37. Bxa6 Nxa6 38. Ned2 Nb4 39. Nc4 Nd3 40. Kf1 h5 41. Ke2 Nb4 42. Ke3 Nd5+ 43. Ke4 Nc3+ 44. Kd3 Nd5 45. Nd4 Nb4+ 46. Ke4 Bxd4 47. Kxd4 Nc6+ 48. Ke4 Nb4 49. f4 Nd5 50. h3 Nc3+ 51. Kd4 Ne2+ 52. Ke3 Nxg3 53. Kf3 Nf5 54. Nd2 Kd7 55. Ne4 Kc6 56. Ng5 Nh6 57. Ne4 Kd5 58. Nd6 Kd4 59. Ne8 Kd3 60. Nd6 Kd2 61. Ne4+ Ke1 62. Ng5 Kf1 63. Kg3 Ke2 64. Ne4 Ke3 65. Nd6 Nf5+ 66. Kg2 Kxf4 67. Nxf7 Ne3+ 68. Kf2 Nc4 69. Nd6 Nxe5 70. Nb5 g5 71. Nd4 Nd3+ 72. Ke2 Nc5 73. Kf2 e5 74. Ne2+ Kf5 75. Ng3+ Kg6 76. Kf3 h4 77. Ne2 Kf5 78. Nc3 Ne6 79. Nd5 Nd4+ 80. Kf2 e4 81. Ne3+ Ke5 82. Ng4+ Kf4 83. Nf6 e3+ 84. Kf1 Nf5 85. Nd5+ Kf3 86. Nc3 Kg3 87. Ne4+ Kf4 88. Nf6 Kf3 89. Ng4 Nd4 90. Ne5+ Kg3 91. Nf7 1-0

[Event "FIDE World Uni Blitz-A 1st"]
[Site "Tornelo INT"]
[Date "2021.03.13"]
[Round "4.61"]
[White "Zhang, Hou Han"]
[Black "Reau, Florine"]
[Result "1-0"]
[WhiteElo "1813"]
[BlackElo "1738"]
[PlyCount "57"]
[EventDate "2021.03.13"]
[EventType "swiss (blitz)"]
[EventRounds "10"]
[EventCountry "NET"]
[SourceTitle "EXT 2022"]
[Source "ChessBase"]
[SourceDate "2021.10.06"]
[SourceVersion "1"]
[SourceVersionDate "2021.10.06"]
[SourceQuality "1"]

1. Nf3 e6 2. g3 d5 3. Bg2 c5 4. 0-0 Nc6 5. c4 Nf6 6. cxd5 exd5 7. d4 b6 8. Nc3 Bb7 9. Bg5 Be7 10. e3 0-0 11. Qb3 Na5 12. Qa4 Bc6 13. Qc2 Ne4 14. Bxe7 Qxe7 15. Ne5 Bb7 16. Nxe4 dxe4 17. Bxe4 Bxe4 18. Qxe4 f6 19. Qd5+ Kh8 20. Nc6 Nxc6 21. Qxc6 cxd4 22. exd4 Rac8 23. Qa4 Rfd8 24. Rad1 Qb7 25. Rfe1 Kg8 26. d5 Kf8 27. d6 Qd7 28. Qf4 Rc6 29. Re7 1-0

[Event "FIDE World Uni Blitz-A 1st"]
[Site "Tornelo INT"]
[Date "2021.03.13"]
[Round "6.23"]
[White "Zhang, Hou Han"]
[Black "Tsaknakis, Zisis"]
[Result "0-1"]
[WhiteElo "1813"]
[BlackElo "2236"]
[PlyCount "138"]
[EventDate "2021.03.13"]
[EventType "swiss (blitz)"]
[EventRounds "10"]
[EventCountry "NET"]
[SourceTitle "EXT 2022"]
[Source "ChessBase"]
[SourceDate "2021.10.06"]
[SourceVersion "1"]
[SourceVersionDate "2021.10.06"]
[SourceQuality "1"]

1. Nf3 Nf6 2. g3 d5 3. Bg2 e6 4. 0-0 Be7 5. d4 b5 6. c3 0-0 7. Bg5 Bb7 8. Nbd2 Nbd7 9. Qc2 h6 10. Bxf6 Nxf6 11. Ne5 c5 12. e3 Qb6 13. Rac1 Rac8 14. Qd3 Rfd8 15. Rfd1 a5 16. Qe2 b4 17. Ndf3 Ba6 18. Qd2 Ne4 19. Qe1 f6 20. Ng6 Bd6 21. dxc5 Bxc5 22. Nd4 e5 23. Nb3 Kh7 24. Nh4 bxc3 25. bxc3 Bb7 26. Qe2 Ba3 27. Bxe4+ dxe4 28. Rxd8 Rxd8 29. Rd1 Ba6 30. Qg4 Rxd1+ 31. Qxd1 Qd6 32. Qg4 Bb7 33. Qg6+ Kg8 34. Nf5 Qd1+ 35. Kg2 Qf3+ 36. Kh3 Bf8 37. Nxh6+ Kh8 38. Nf7+ Kg8 39. Nh6+ Kh8 40. Ng4 Bc8 41. Qh5+ Kg8 42. Kh4 Be7 43. Qe8+ Kh7 44. Qxc8 f5+ 45. Nf6+ Bxf6+ 46. Kh3 Qg4+ 47. Kg2 Qf3+ 48. Kg1 Qd1+ 49. Kg2 Qf3+ 50. Kg1 a4 51. Nd2 Qd1+ 52. Nf1 Qf3 53. Nd2 Qh5 54. c4 Qd1+ 55. Nf1 Qf3 56. c5 f4 57. exf4 exf4 58. Qf5+ g6 59. Qd7+ Kh6 60. c6 e3 61. fxe3 fxe3 62. Qh3+ Kg7 63. Qd7+ Kh6 64. Qh3+ Kg7 65. Qg2 Qxg2+ 66. Kxg2 e2 67. c7 e1Q 68. c8Q Qe2+ 69. Kg1 Bd4+ 0-1

[Event "Quebec op U2000"]
[Site "Longueuil"]
[Date "2018.07.24"]
[Round "5.29"]
[White "De Lagrave, Sylvain"]
[Black "Zhang, Hou Han"]
[Result "1-0"]
[WhiteElo "1953"]
[BlackElo "1770"]
[PlyCount "127"]
[EventDate "2018.07.21"]
[EventType "swiss"]
[EventRounds "9"]
[EventCountry "CAN"]
[SourceTitle "EXT 2022"]
[Source "ChessBase"]
[SourceDate "2021.10.06"]
[SourceVersion "1"]
[SourceVersionDate "2021.10.06"]
[SourceQuality "1"]

1. e4 c5 2. Nf3 d6 3. d4 cxd4 4. Qxd4 Nc6 5. Bb5 Bd7 6. Bxc6 Bxc6 7. Nc3 Nf6 8. Bg5 e5 9. Qd3 Be7 10. 0-0-0 0-0 11. Kb1 Qa5 12. Bxf6 Bxf6 13. Nd5 Bxd5 14. Qxd5 Qxd5 15. Rxd5 Be7 16. Rhd1 Rac8 17. Nd2 Rc6 18. b3 f5 19. exf5 Rxf5 20. Ne4 Kf7 21. f3 Ke6 22. c4 b6 23. a4 Rf8 24. Kb2 g5 25. h3 h5 26. Rh1 Rf4 27. Kc2 g4 28. hxg4 hxg4 29. Rh6+ Kd7 30. Rd3 gxf3 31. gxf3 Rh4 32. Rxh4 Bxh4 33. Rd1 Be7 34. Kd3 Rc8 35. Rh1 Rg8 36. Rh7 Ke6 37. Nc3 Rf8 38. Ke2 Rf7 39. Rxf7 Kxf7 40. Kd3 Ke6 41. Ke4 Bg5 42. Nd5 Bd2 43. b4 a5 44. b5 Bb4 45. Nxb6 Bc5 46. Nd5 Kd7 47. f4 exf4 48. Nxf4 Ba3 49. Kd5 Bc5 50. Ne6 Bb6 51. Nf8+ Kc7 52. Ke6 Bc5 53. Nd7 Bb4 54. Nf6 Kd8 55. Kd5 Kc7 56. Ne8+ Kd7 57. b6 Bc5 58. b7 Ba7 59. Nxd6 Bb8 60. c5 Kc7 61. c6 Kb6 62. Nc4+ Ka6 63. Ne5 Bc7 64. Nd7 1-0

[Event "Laval op"]
[Site "Laval"]
[Date "2015.06.20"]
[Round "2"]
[White "Zhang, Hou Han"]
[Black "Jacquet, Stephane"]
[Result "0-1"]
[WhiteElo "1677"]
[BlackElo "2008"]
[PlyCount "74"]
[EventDate "2015.06.19"]
[EventType "swiss"]
[EventRounds "5"]
[EventCountry "CAN"]
[SourceTitle "EXT 2019"]
[Source "ChessBase"]
[SourceDate "2018.10.10"]
[SourceVersion "1"]
[SourceVersionDate "2018.10.10"]
[SourceQuality "1"]

1. Nf3 Nf6 2. e3 d5 3. b3 Bg4 4. Bb2 Nbd7 5. Be2 Bxf3 6. Bxf3 e5 7. d3 Bd6 8. Nd2 0-0 9. 0-0 Re8 10. e4 d4 11. Bg4 c5 12. g3 Nxg4 13. Qxg4 Re6 14. Nf3 Rg6 15. Qh3 Be7 16. Bc1 Qc7 17. Nh4 Bxh4 18. Qxh4 Nf6 19. f4 Rh6 20. Qxh6 gxh6 21. fxe5 Ng4 22. Bf4 Qe7 23. h3 Ne3 24. Rf2 Qe6 25. g4 h5 26. Bg3 hxg4 27. Rf6 Qd7 28. h4 Re8 29. Re1 Re6 30. Re2 Rxf6 31. exf6 Qe6 32. Rf2 h5 33. Bf4 b5 34. Bxe3 dxe3 35. Rf5 Kf8 36. Kf1 g3 37. a3 c4 0-1

[Event "Quebec-ch U10"]
[Site "Montreal"]
[Date "2012.11.24"]
[Round "2"]
[White "Zhang, Hou Han"]
[Black "Guan, Zi Yu"]
[Result "1-0"]
[WhiteElo "1461"]
[BlackElo "1065"]
[PlyCount "119"]
[EventDate "2012.11.23"]
[EventType "swiss"]
[EventRounds "5"]
[EventCountry "CAN"]
[SourceTitle "EXT 2022"]
[Source "ChessBase"]
[SourceDate "2021.10.06"]
[SourceVersion "1"]
[SourceVersionDate "2021.10.06"]
[SourceQuality "1"]

1. e4 c5 2. Nf3 d6 3. d4 cxd4 4. Nxd4 Nf6 5. Nc3 e5 6. Bb5+ Bd7 7. Bxd7+ Nbxd7 8. Nf5 Nc5 9. Qf3 h6 10. Be3 g6 11. Ng3 Bg7 12. Rd1 Qc7 13. 0-0 0-0 14. Nb5 Qe7 15. Nxd6 Ne6 16. Nc4 Ng5 17. Bxg5 hxg5 18. c3 g4 19. Qe2 Rad8 20. Ne3 Qe6 21. Qc4 Rxd1 22. Rxd1 Qxc4 23. Nxc4 Nh5 24. Nxh5 gxh5 25. Kf1 Rc8 26. Ne3 Kf8 27. Nf5 Bf6 28. Rd6 Rc6 29. Rxc6 bxc6 30. Ke2 Bg5 31. Ne3 Ke7 32. Nf5+ Kd7 33. Kd3 Bc1 34. Ne3 Bxb2 35. Nc4 Bc1 36. Nxe5+ Kc7 37. Nxf7 a5 38. f3 gxf3 39. gxf3 Bf4 40. h3 c5 41. e5 Kd7 42. Ke4 Bh2 43. c4 h4 44. Kd5 Ke7 45. Ng5 a4 46. Ne4 Bf4 47. Nxc5 a3 48. Nd3 Bh2 49. f4 Bg3 50. f5 Kf7 51. c5 Ke7 52. c6 Kd8 53. f6 Kc8 54. c7 Kd7 55. f7 Kxc7 56. f8Q Kb6 57. Qc5+ Kb7 58. Qc6+ Ka7 59. Nc5 Kb8 60. Qb7# 1-0

[Event "Quebec-ch B U20 Pepsico"]
[Site "Montreal"]
[Date "2012.02.11"]
[Round "2"]
[White "Zhang, Hou Han"]
[Black "Subotyak, Ivan"]
[Result "1/2-1/2"]
[WhiteElo "1261"]
[BlackElo "1364"]
[PlyCount "77"]
[EventDate "2012.02.10"]
[EventType "swiss"]
[EventRounds "5"]
[EventCountry "CAN"]
[SourceTitle "EXT 2022"]
[Source "ChessBase"]
[SourceDate "2021.10.06"]
[SourceVersion "1"]
[SourceVersionDate "2021.10.06"]
[SourceQuality "1"]

1. d4 d5 2. Nf3 Nf6 3. c4 c6 4. Bg5 Bf5 5. Bxf6 exf6 6. Nc3 Bb4 7. Qb3 Bxc3+ 8. Qxc3 0-0 9. e3 Be4 10. Nd2 Re8 11. Nxe4 dxe4 12. Be2 f5 13. 0-0 Nd7 14. Rad1 Qf6 15. d5 Qxc3 16. bxc3 Nc5 17. dxc6 bxc6 18. Rd6 Na4 19. Rc1 Rac8 20. Bd1 Nb2 21. Be2 Red8 22. Rd4 c5 23. Rd5 Rxd5 24. cxd5 Nd3 25. Bxd3 exd3 26. Rb1 g5 27. c4 Re8 28. Rd1 Re4 29. d6 Re8 30. Rxd3 f6 31. Kf1 Rd8 32. Ke2 Kf7 33. Kd2 Ke6 34. Kc3 Rxd6 35. Rxd6+ Kxd6 36. f4 h5 37. h3 h4 38. a4 g4 39. a5 1/2-1/2

[Event "North American-ch U08"]
[Site "Montreal"]
[Date "2010.08.17"]
[Round "4"]
[White "Zhang, Hou Han"]
[Black "Zhurbinsky, David J"]
[Result "0-1"]
[WhiteElo "1030"]
[BlackElo "905"]
[PlyCount "34"]
[EventDate "2010.08.16"]
[EventType "swiss"]
[EventRounds "7"]
[EventCountry "CAN"]
[SourceTitle "EXT 2013"]
[Source "ChessBase"]
[SourceDate "2012.11.22"]
[SourceVersion "1"]
[SourceVersionDate "2012.11.22"]
[SourceQuality "1"]

1. e4 e5 2. Nf3 Nc6 3. Bb5 a6 4. Bxc6 dxc6 5. Nxe5 Nf6 6. d3 Bd6 7. Nf3 0-0 8. 0-0 Qe7 9. Re1 Be6 10. e5 Bb4 11. c3 Nd5 12. cxb4 Nxb4 13. Ng5 Qc5 14. Qh5 h6 15. Nxe6 fxe6 16. Re2 Qxc1+ 17. Re1 Qxe1# 0-1

[Event "North American-ch U08"]
[Site "Montreal"]
[Date "2010.08.16"]
[Round "2"]
[White "Kumar, Aravind"]
[Black "Zhang, Hou Han"]
[Result "1-0"]
[WhiteElo "1829"]
[BlackElo "1030"]
[PlyCount "93"]
[EventDate "2010.08.16"]
[EventType "swiss"]
[EventRounds "7"]
[EventCountry "CAN"]
[SourceTitle "EXT 2013"]
[Source "ChessBase"]
[SourceDate "2012.11.22"]
[SourceVersion "1"]
[SourceVersionDate "2012.11.22"]
[SourceQuality "1"]

1. d4 Nf6 2. Nf3 e6 3. g3 b6 4. Bg2 Bb7 5. 0-0 Be7 6. c4 0-0 7. Nc3 d5 8. Qb3 dxc4 9. Qxc4 Bd5 10. Nxd5 Nxd5 11. e4 Nf6 12. Qc2 Nc6 13. Qxc6 Qd6 14. Qxd6 cxd6 15. Bg5 Rfe8 16. Bxf6 Bxf6 17. Rac1 Rac8 18. e5 dxe5 19. dxe5 Be7 20. Nd2 Bb4 21. Ne4 Red8 22. Nd6 Rxc1 23. Rxc1 g6 24. Rc8 Rxc8 25. Nxc8 Kg7 26. Nxa7 Kh6 27. Nc6 Bc5 28. b4 Bf8 29. b5 Kg5 30. f4+ Kf5 31. Nd8 f6 32. Bh3+ Ke4 33. exf6 Kd5 34. Nxe6 Ba3 35. f7 Kc4 36. Bf1+ Kc3 37. f8Q Bxf8 38. Nxf8 Kb2 39. a4 Kb3 40. a5 bxa5 41. b6 a4 42. b7 a3 43. b8Q+ Ka2 44. Bc4+ Ka1 45. Qb3 a2 46. Qc3+ Kb1 47. Bd3# 1-0